Sports Quiz

Random Sports or Basketball Quiz
Score 0/23 Timer 05:00
0 Plays Today
Hint Answers % Correct
NicknameOwls
91.7%
ColorsCherry and Black and White
77%
CityPhiladelphia, Pennsylvania
76.5%
ConferenceAtlantic 10
69.6%
GuardJuan Fernandez
40.9%
CoachFran Dunphy
40.1%
ForwardLavoy Allen
37.7%
Basketball ArenaPeter J. Liacouras Center
34.3%
2nd Round OpponentPenn State
33.4%
GuardKhalif Wyatt
30.1%
Highest NBA Scoring AlumEddie Jones
29.7%
GuardRamone Moore
28.9%
Hint Answers % Correct
Forward/CenterMichael Eric
27.5%
ForwardScootie Randall
25.6%
GuardTJ DiLeo
24.2%
ForwardRahlir Jefferson
23.4%
GuardAaron Brown
22.7%
All-time Leading Scorer (2,609 points)Mark Macon
22.7%
Forward/CenterAnthony Lee
17.7%
ForwardCraig Williams
15.2%
CenterDutch Gaitley
11.6%
GuardJake Godino
10.9%
ForwardJimmy McDonnell
10%

You're not logged in!

Compare scores with friends on all Sporcle quizzes.
OR
Log In

Sporcle TV

Today on Sporcle TV


Watch our educational content, quiz creation guides, and fun videos on Sporcle TV.

Show Comments

Extras

Top Quizzes Today


Score Distribution

Paid Content

Your Account Isn't Verified!

In order to create a playlist on Sporcle, you need to verify the email address you used during registration. Go to your Sporcle Settings to finish the process.

Report this User

Report this user for behavior that violates our Community Guidelines.

Details: